000
00326nam a2200145Ia 4500
008
191201s2013 xx 000 0 und d
082
_a
658
_b
KOE
100
_a
KOONTZ, Harold
245
0
_a
Essentials of Management
250
_a
2nd
260
_a
N. delhi
_b
TMH
_c
2013
300
_a
500
650
_a
BBA
942
_2
ddc
_c
BK
_0
7
999
_c
4759
_d
4759